<?xml version="1.0" encoding="UTF-8"?>
<record
    xmlns:xsi="http://www.w3.org/2001/XMLSchema-instance"
    xsi:schemaLocation="http://www.loc.gov/MARC21/slim http://www.loc.gov/standards/marcxml/schema/MARC21slim.xsd"
    xmlns="http://www.loc.gov/MARC21/slim">

  <leader>02023nam a22002177a 4500</leader>
  <controlfield tag="003">OSt</controlfield>
  <controlfield tag="005">20220712135454.0</controlfield>
  <controlfield tag="008">200311b        xxu||||| |||| 00| 0 eng d</controlfield>
  <datafield tag="020" ind1=" " ind2=" ">
    <subfield code="a">9780078029424</subfield>
  </datafield>
  <datafield tag="040" ind1=" " ind2=" ">
    <subfield code="c">WIUC</subfield>
  </datafield>
  <datafield tag="050" ind1=" " ind2=" ">
    <subfield code="a">HD62.7.K385(4e)</subfield>
  </datafield>
  <datafield tag="100" ind1=" " ind2=" ">
    <subfield code="a">Katz, Jerome A.</subfield>
  </datafield>
  <datafield tag="245" ind1=" " ind2=" ">
    <subfield code="a">Entrepreneurial small business. /</subfield>
    <subfield code="c">Jerome A. Katz and Richard P. Green.</subfield>
  </datafield>
  <datafield tag="250" ind1=" " ind2=" ">
    <subfield code="a">4th ed.</subfield>
  </datafield>
  <datafield tag="260" ind1=" " ind2=" ">
    <subfield code="a">New York :</subfield>
    <subfield code="b">McGraw-Hill/ Irwin,</subfield>
    <subfield code="c">2014.</subfield>
  </datafield>
  <datafield tag="300" ind1=" " ind2=" ">
    <subfield code="a">xxxiv, 674 p. :</subfield>
    <subfield code="b"> ill. ;</subfield>
    <subfield code="c">29 cm.</subfield>
  </datafield>
  <datafield tag="500" ind1=" " ind2=" ">
    <subfield code="a">Includes bibliographical references and index.</subfield>
  </datafield>
  <datafield tag="505" ind1=" " ind2=" ">
    <subfield code="a">Contents:Part one: Entrepreneurs and ideas: the basis of small business: Small business: its opportunities and rewards -- Small business entrepreneurs: characteristics and competencies -- Small business environment: managing external relations -- Small business ideas: creativity, opportunity, and feasibility -- Part two: Small business paths and plans: Small business entry: path to part time entrepreneurship -- Small business entry: paths to full-time entrepreneurship -- Small business strategies: limitation with a twist -- Business plans: seeing audiences and your business clearly -- Part three: Marketing in the small business: Small business marketing: product and pricing strategies -- Small business promotion: capturing the eyes of your market -- Small business distribution and location -- Marketing plans: saying how you'll get sales -- Part four: Cash, accounting and finance in the small business -- Small business accounting: projecting and evaluating performance -- Cash:  lifeblood of the business -- Small business finance: using equity, debt and gifts -- Assets: inventory and operations management -- Small business protection: risk management and insurance -- Part five: Management and organisation in the small business: Legal issues: recognizing your small business needs -- Human resource management: small business considerations -- Achieving success in the small  business.</subfield>
  </datafield>
  <datafield tag="700" ind1=" " ind2=" ">
    <subfield code="a">Green, Richard P.</subfield>
  </datafield>
  <datafield tag="942" ind1=" " ind2=" ">
    <subfield code="2">lcc</subfield>
    <subfield code="c">BK</subfield>
  </datafield>
  <datafield tag="999" ind1=" " ind2=" ">
    <subfield code="c">7161</subfield>
    <subfield code="d">14661</subfield>
  </datafield>
  <datafield tag="952" ind1=" " ind2=" ">
    <subfield code="0">0</subfield>
    <subfield code="1">0</subfield>
    <subfield code="2">lcc</subfield>
    <subfield code="4">0</subfield>
    <subfield code="7">0</subfield>
    <subfield code="a">WIUC-1</subfield>
    <subfield code="b">WIUC-1</subfield>
    <subfield code="c">REF</subfield>
    <subfield code="d">2020-03-11</subfield>
    <subfield code="o">HD62.7.K385(4e)</subfield>
    <subfield code="p">8594/046/20</subfield>
    <subfield code="r">2020-03-11 00:00:00</subfield>
    <subfield code="t">1</subfield>
    <subfield code="w">2020-03-11</subfield>
    <subfield code="y">BK</subfield>
  </datafield>
  <datafield tag="952" ind1=" " ind2=" ">
    <subfield code="0">0</subfield>
    <subfield code="1">0</subfield>
    <subfield code="2">lcc</subfield>
    <subfield code="4">0</subfield>
    <subfield code="7">0</subfield>
    <subfield code="a">WIUC-1</subfield>
    <subfield code="b">WIUC-1</subfield>
    <subfield code="c">REF</subfield>
    <subfield code="d">2022-06-29</subfield>
    <subfield code="o">HD62.7.K3851(4e)</subfield>
    <subfield code="p">8595/047/20 </subfield>
    <subfield code="r">2022-06-29 00:00:00</subfield>
    <subfield code="t">2</subfield>
    <subfield code="w">2022-06-29</subfield>
    <subfield code="y">BK</subfield>
  </datafield>
</record>
